| Tag |
First Indicator |
Second Indicator |
Subfields |
| LEADER |
00000cam a2200000 4500 |
| 001 |
in00000040733 |
| 005 |
20151007064634.0 |
| 008 |
770112s1933 ilu 00010 engm |
| 010 |
|
|
|a 33017680
|
| 035 |
|
|
|a (OCoLC)02674136
|
| 035 |
|
|
|9 AAE0289AM
|
| 040 |
|
|
|a DLC
|c GZW
|d TXA
|d UtOrBLW
|
| 049 |
|
|
|a TXAM
|c [187570]
|
| 050 |
0 |
0 |
|a HG221
|b .B72 1933
|
| 082 |
0 |
|
|a 332.401
|
| 092 |
|
|
|a 332.401
|b B881i
|
| 100 |
1 |
|
|a Brown, William,
|d 1865-
|
| 245 |
1 |
4 |
|a The inherent function of money /
|c by William Brown.
|
| 264 |
|
1 |
|a Chicago :
|b McAllister publishing company;
|a Edinburgh and London :
|b Oliver and Boyd,
|c 1933.
|
| 300 |
|
|
|a vii, 114 pages ;
|c 23 cm.
|
| 336 |
|
|
|a text
|b txt
|2 rdacontent
|
| 337 |
|
|
|a unmediated
|b n
|2 rdamedia
|
| 338 |
|
|
|a volume
|b nc
|2 rdacarrier
|
| 650 |
|
0 |
|a Money.
|
| 650 |
|
0 |
|a Currency question.
|
| 999 |
|
|
|a MARS
|
| 999 |
f |
f |
|s 24b62b09-af88-3730-834d-e4e22ea667e1
|i 499ba0e9-5a9b-303b-9c85-6703532678f4
|t 0
|
| 952 |
f |
f |
|p ric
|a Texas A&M University
|b Rellis Campus
|c Joint Library Facility
|d Remote Storage
|t 0
|e HG221 .B72 1933
|h Library of Congress classification
|i unmediated -- volume
|m A14800732599
|
| 998 |
f |
f |
|a HG221 .B72 1933
|t 0
|l Remote Storage
|